Online
Catalog

Adversos milagros : (Record no. 8589)

MARC details
000 -CABECERA
campo de control de longitud fija 01053cam a2200241 a 4500
001 - NÚMERO DE CONTROL
campo de control 000008820
003 - IDENTIFICADOR DEL NÚMERO DE CONTROL
campo de control OSt
005 - FECHA Y HORA DE LA ÚLTIMA TRANSACCIÓN
campo de control 20200929161419.0
008 - DATOS DE LONGITUD FIJA--INFORMACIÓN GENERAL
campo de control de longitud fija 790522s1969 ve 000 f spa d
040 ## - FUENTE DE LA CATALOGACIÓN
Centro catalogador/agencia de origen DO-SdBNP
Lengua de catalogación spa
Centro/agencia transcriptor BNPHU
082 ## - NÚMERO DE LA CLASIFICACIÓN DECIMAL DEWEY
Número de clasificación A863.4
Número de documento/Ítem B616a
100 1# - ENTRADA PRINCIPAL--NOMBRE DE PERSONA
Nombre de persona Bioy Casares, Adolfo,
Fechas asociadas al nombre 1914-1999.
9 (RLIN) 23364
245 10 - MENCIÓN DE TÍTULO
Título Adversos milagros :
Resto del título relatos /
Mención de responsabilidad, etc. Adolfo Bioy Casares ; prólogo y selección de Enrique Pezzoni.
260 ## - PUBLICACIÓN, DISTRIBUCIÓN, ETC.
Lugar de publicación, distribución, etc. Caracas, Venezuela :
Nombre del editor, distribuidor, etc. Monte Ávila,
Fecha de publicación, distribución, etc. 1969.
300 ## - DESCRIPCIÓN FÍSICA
Extensión 226 p. ;
Dimensiones 18 cm.
500 ## - NOTA GENERAL
Nota general Incluye referencias bibliográficas y notas al pie de las páginas.
505 0# - NOTA DE CONTENIDO CON FORMATO
Nota de contenido con formato Prólogo. -- La invención de Morel. -- En memoria de Paulina. -- El perjurio de la nieve. -- Homenaje a Francisco Almeyra. -- El sueño de los héroes. -- Una aventura. -- Carta sobre Emilia. -- Confidencias de un lobo. -- Fragmentos. - Libro de Adolfo Bioy Casares.
650 #4 - PUNTO DE ACCESO ADICIONAL DE MATERIA--TÉRMINO DE MATERIA
Término de materia o nombre geográfico como elemento de entrada Novela argentina
9 (RLIN) 3941
650 #4 - PUNTO DE ACCESO ADICIONAL DE MATERIA--TÉRMINO DE MATERIA
Término de materia o nombre geográfico como elemento de entrada Literatura argentina
9 (RLIN) 3860
700 1# - PUNTO DE ACCESO ADICIONAL--NOMBRE DE PERSONA
Nombre de persona Pezzoni, Enrique,
Término indicativo de función/relación prólogo
9 (RLIN) 62981
942 ## - ELEMENTOS DE PUNTO DE ACCESO ADICIONAL (KOHA)
Fuente del sistema de clasificación o colocación Dewey Decimal Classification
Tipo de ítem Koha Libros y folletos
956 ## - LOCALIZACIÓN Y ACCESO ELECTRÓNICOS LOCAL (OCLC)
Nombre del host LOPEREZ
Holdings
Estado de retiro Estado de pérdida Restricciones de uso No para préstamo Código de colección Localización permanente Ubicación/localización actual Ubicación en estantería Fecha de adquisición Número de inventario Total de préstamos Signatura topográfica completa Código de barras Fecha visto por última vez Número de copia Precio válido a partir de Tipo de ítem Koha Fuente del sistema de clasificación o colocación
  Extraviado   Excluido de préstamo Monografías: Libros y Folletos General General Extraviado 11.04.2017 LF1   A863.4 B616a 8820-30 25.06.2020 e. 3 25.06.2020 No se presta  
        Monografías: Libros y Folletos General General   18.09.2009 LF1   A863.4 B616a 8820-10 25.06.2020   25.06.2020 Préstamo en sala Dewey Decimal Classification
  Extraviado Préstamo restringido Préstamo restrigido Monografías: Libros y Folletos General General Extraviado 22.04.2010 LF1   A863.4 B616a 8820-20 25.06.2020 e.2 25.06.2020 Préstamo interno  

Powered by Koha